000 01539cam a2200133 4500500
005 20251214004111.0
041 _afre
042 _adc
100 1 0 _aCoste, Laurent
_eauthor
245 0 0 _aLes bourgeoisies en France : Du XVIe au milieu du XIXe siècle
260 _bArmand Colin,
_c2013.
520 _aQu'est-ce que la bourgeoisie dans la France de l'époque moderne ? Quelles sont les différentes caractéristiques de cette catégorie sociale qui connaît un essor spectaculaire durant la période et s’impose peu à peu dans le jeu politique et économique de la France du temps ? Affirmant sa puissance dès la Renaissance, puis sortie victorieuse de la période révolutionnaire, la bourgeoisie constitue les fondements de la société du XIXe siècle et affirme le triomphe de valeurs qui perdurent encore aujourd'hui. L’ouvrage dresse le tableau très complet, du XVIe siècle aux débuts de la Révolution industrielle, de cette population aux multiples visages et en constante évolution. À travers les figures du propriétaire foncier, du rentier ou du commerçant, jusqu'au grand affairiste citadin, il définit cette notion et fait l’analyse de cette « classe moyenne » ou « mitoyenne ». Formes de sociabilité, éducation, valeurs, représentations, ici détaillées, permettent de brosser un portrait tout en nuances qui permet de mieux comprendre la société française moderne.
856 4 1 _uhttps://shs.cairn.info/les-bourgeoisies-en-france--9782200248260?lang=fr&redirect-ssocas=7080
999 _c1568217
_d1568217